000 01566aam a2200337 i 4500
001 768714001
003 CO-MdFUSB
005 20250426115521.0
007 ta
008 250426t2006 spa||||| |||| 00| 0 eng d
040 _cCO-MdFUSB
041 0 _aspa
082 0 4 _223
_a239
_bG467r
100 1 _aGilchrist, John
_eautor
240 _aFacing the Muslim Challenge
245 1 0 _aRespondiendo a los argumentos islámicos : un manual de apologética cristiano - musulmana
_c/ John Gilchrist ; traducido por Samuel Guerrero
264 1 _bInstituto Iberoamericano de Estudios Transculturales,
_aGranada , España :
_c©2006
264 4 _c©2006
300 _a188 páginas
336 _atexto
_btxt
_2rdacontent
337 _2rdamedia
_asin mediación
_bn
338 _2rdacarrier
_avolumen
_bnc
501 _arústico
505 _aEnfrentando el desafío islámico -- La integridad de la Biblia -- Contenido y enseñanza bíblica -- El Corán en relación a la Biblia -- La doctrina de la trinidad -- La doctrina cristiana de Dios -- Jesús, el hijo del Dios viviente -- La deidad de Jesucristo en la Biblia -- La crucifixión y la expiación -- Cuestiones históricas y espirituales -- ¿Mahoma en la Biblia? -- Argumentos de textos bíblicos - El evangelio de Bernabé -- El evangelio espurio en la apologética Islámica -- Bibliografía -- Enfrentado en desafío
563 _aRústico
650 7 _aApologética
_9187
650 7 _aCristianismo
_922
700 _aGuerrero, Samuel,
_911294
_etraductor
942 _cBK
945 _aJTF-925
999 _c44626
_d44626